000 00243nam a2200097Ia 4500
008 240331s9999 xx 000 0 und d
082 _bTHI
100 _aThiruchandran, S
245 4 _aThe dilemme of theories :
_ba feminist perspective
942 _cL
999 _c1707
_d1707